000 00718nam a2200205 i 4500
001 87071
003 ES-MaACL
005 20250902013910.0
007 t|
008 041220s1969 sp |||| | spa d
110 2 _aBurotel (
_cMadrid)
_92261
245 1 4 _aDie korrespondenz des Aussenhandels auf deutsch, spanisch, französisch /
_czusammengestellt und vorbereilét von Burotel.
260 _aMadrid :
_bTécnico-Comercial,
_c1969.
300 _a1179 p. ;
_c23 cm.
650 7 _aCorrespondencia comercial
_2embne
_9157414
650 7 _aCorrespondencia comercial alemana
_2embne
_9157412
650 4 _aCorrespondencia comercial francesa.
_9157413
852 _aES-MaACL
_jC-47943
999 _c87071
_d87071